Vista normal
Vista MARC
- Esses, Florencia,
Entrada Nombre Personal
Número de registros utilizados en: 3
001 - NUMERO DE CONTROL
- campo de control: 38871
003 - IDENTIFICADOR DE NUMERO DE CONTROL
- campo de control: UPN
005 - FECHA Y HORA DE LA ÜLTIMA TRANSACCIÓN
- campo de control: 20210219194540.0
008 - DATOS DE LONGITUD FIJA
- campo de control de longitud fija: nabaccnnaabn|||||||||| b |nc|||||d
035 ## - NUMERO DE CONTROL
- Número de control: UPN11000010978
040 ## - FUENTE DE CATALOGACIÓN
- Lenguaje de catalogación: SPA
- Agencia de transcripción: UPN
100 1# - ENCABEZAMIENTO - NOMBRE PERSONAL
- Nombre personal: Esses, Florencia,
- Fechas asociadas con el nombre: 1973-
670 ## - FUENTE EN LA QUE SE LOCALIZARON DATOS
- Cita de la fuente: LC
680 ## - NOTA PUBLICA DE ACCESO PÚBLICO
- Frase explicativa de la referencia: Bibliotecaria argentina y escritora de adivinanzas, canciones, novelas y poemas para niños
902 ## - CATALOGADOR
- Catalogador: CAA/040816